00646 a2200181 4500003000400000005001700004008004100021020001500062040000900077082001900086100005600105245007500161260003200236300000900268942003700277952013300314999001700447OSt20231110105948.0231110b |||||||| |||| 00| 0 eng d a996098818X coclc a297.092bIBN/B1 aIbn ʻAbdul-Maujood, Salaahud-Deen ibn ʻAlee99887 aThe biography of Imaam Ibn Maajah /cby Salahuddin ʻAli Abdul Mawjood aRiyadh:bDarussalam,c2007. a271p 2ddccBKh297.092iIBN/Bk297.092 00102ddc40708ISLAMaMESbMEScISLd2024-01-06l0o297.092 IBN/Bp44540r2024-01-06 12:36:23v1320.00w2024-01-06yBKzGL49R3 c43019d43019